Europe Map Quiz (Made by Ersando) - Statistics

General Stats
  • This quiz has been taken 15 times
  • The average score is 32 of 45
Answers on the Map
Answers color-coded by a green-red scale on the quiz's map according to % correct below.
 
Answer Stats
Answer % Correct
Albania
88%
Andorra
88%
Austria
88%
Belarus
88%
Belgium
88%
Bulgaria
88%
Finland
88%
Greece
88%
Iceland
88%
Ireland
88%
Bosnia and Herzegovina
75%
Croatia
75%
Czech Republic
75%
Denmark
75%
Estonia
75%
France
75%
Germany
75%
Hungary
75%
Italy
75%
Liechtenstein
75%
Portugal
75%
Spain
75%
United Kingdom
75%
Kosovo
63%
Luxembourg
63%
Malta
63%
Moldova
63%
Monaco
63%
Montenegro
63%
Netherlands
63%
North Macedonia
63%
Norway
63%
Poland
63%
Romania
63%
Russia
63%
San Marino
63%
Serbia
63%
Slovakia
63%
Sweden
63%
Switzerland
63%
Ukraine
63%
Vatican City
63%
Latvia
50%
Lithuania
50%
Slovenia
38%
No matching quizzes found
Score Distribution
Percent of People with Each Score
Percentile by Number Answered
Your Score History
You have not taken this quiz